แสดงรายละเอียดบรรณานุกรม
  กลับหน้าหลัก

Brief Record : Get Marc (ISO 2709) : E-mail record : QR code ปิดหน้าต่าง
E-books : เกี่ยวกับ Collections
LEADER 00000nam 2200000uu 4500
001    213474
003     ULIBM
008    230629s||||||||th 000 0 tha d
020    ^a978-616-434-196-8 (ปกอ่อน)
040    ^abcnkk
041 1  ^atha
060 04 ^aQM151^bด919ก 2562
100 0  ^aเฟรดเดอริค เดอลาวีเย
245 10 ^aกายวิภาคการออกกำลังกายแบบฝึกกล้ามเนื้อ =^bStrength traininganatomy /^cเฟรดเดอริค เดอลาวีเย ; สนธยา มานะวัฒนา, แปล
246 31 ^aStrength training anatomy
260    ^aกรุงเทพฯ :^bแอร์โรว์,^c2562
300    ^a200 หน้า :^bภาพประกอบสี ;^c30 ซม.
650  4 ^aกายวิภาคศาสตร์
650  4 ^aการออกกำลังกาย
650  4 ^aกล้ามเนื้อ
700 0  ^aสนธยา มานะวัฒนา,^eผู้แปล
700 0  ^aDelavier, Ferderic
999    ^aใช้งานได้ทุกระบบ
รายการนี้ยังไม่มีแท็ก
คุณยังไม่ได้ล็อกอิน คุณสามารถมีกิจกรรมร่วมกับเว็บไซต์ได้ แต่ต้องล็อกอินก่อน ::
  ล็อกอิน
ลำดับที่ ประเภท เลขเรียก สถานที่ สถานะ
1. วิทยาศาสตร์สุขภาพ
วิทยาศาสตร์สุขภาพ
QM151 ด919ก 2562 ฉ.1 
  
วิทยาศาสตร์สุขภาพ On Shelf
  ขอยืม
Note:จัดซื้อปีงบฯ 2564
2. วิทยาศาสตร์สุขภาพ
วิทยาศาสตร์สุขภาพ
QM151 ด919ก 2562 ฉ.2 
  
วิทยาศาสตร์สุขภาพ On Shelf
  ขอยืม
Note:จัดซื้อปีงบฯ 2564
   [แสดง 2/2 รายการ]

รายการใกล้เคียง
    หัวเรื่อง [กายวิภาคศาสตร์]
    หัวเรื่อง [การออกกำลังกาย]
    หัวเรื่อง [กล้ามเนื้อ]

BibComment


ยังไม่เคยถูกคอมเมนท์

คอมเมนท์ทรัพยากรรายการนี้
  คอมเมนท์: กายวิภาคการออกกำ..
Bib 213474

 
 
 

 Union Library Management : ULibM
Copyright 2026. All Rights Reserved.
скачать бесплатно без регистрации порно красивый секс HD Sex Hindi sex

xxx gou

xxxx

bfxxx

xxxwww

Секса Видео

xxxx

Секса Видео

detube

geilexxx

C99 Shell

worms shell

blod xxx video
Ebony Coed Rihanna Rimes Takes A Dick In Her Young Twat priyaa indian fuck anal and pusssy hardcore indian women xxx desi hardcore fucking part 1 bengalixxxcouple